| 000 | 00686nam a2200241Ia 4500 | ||
|---|---|---|---|
| 003 | OSt | ||
| 005 | 20220925203701.0 | ||
| 006 | a|||||r|||| 00| 0 | ||
| 007 | ta | ||
| 008 | 220923b |||||||| |||| 00| 0 eng d | ||
| 037 | _cGeneral Book | ||
| 040 |
_aRTL _cRTL _beng |
||
| 041 |
_2eng _aeng |
||
| 082 | _aXB, K2;L0 | ||
| 100 | _aEbenstein William | ||
| 245 | 0 |
_aToday's isms _b Communism, fascism, capitalism, soc |
|
| 250 | _aEd 6th | ||
| 260 |
_aEnglewood _bCliffs N J Prentice-Hall _c1970 |
||
| 300 |
_ax,302p. Bib p. 295-96 _ccm. |
||
| 650 |
_aWar Economics _9233725 |
||
| 942 |
_hXB, K2;L0 _cGB _2CC |
||
| 999 |
_c547394 _d547394 |
||